[Event "JAHI   IIII"]
[Site "SchemingMind.com"]
[Date "2020.08.18"]
[Round "-"]
[White "John Hamer"]
[Black "Robert Bruce"]
[Result "1/2-1/2"]
[WhiteCountry "ENG"]
[BlackCountry "SCO"]
[WhiteElo "2004"]
[WhiteRD "60"]
[BlackElo "2386"]
[BlackRD "64"]
[GameID "458858"]

1. d4 Nf6 2. c4 c5 3. d5 e6 4. Nc3 exd5 5. cxd5 d6 6. g3 g6 7. Bg2 Bg7 8. Nf3 O-O 9. O-O a6 10. a4 Nbd7
11. Bf4 Qe7 12. h3 Rb8 13. e4 b5 14. axb5 axb5 15. Re1 Ne8 16. Qe2 b4 17. Nd1 Nb6 18. Qd2 Bb7 19. Rc1 Nf6 20. e5 Nfxd5
21. exd6 Qd7 22. Rxc5 Nxf4 23. gxf4 Nc8 24. Rc7 Qd8 25. Ne5 Bxg2 26. Kxg2 Qxd6 27. Qc2 Nb6 28. Rc6 Qd5+ 29. Kg1 b3 30. Qc1 Rfc8
31. Ne3 Qd4 32. Ng2=
1/2-1/2